Media.

Bibliographic Details
Corporate Author: United States. National Commission on the Observance of International Women's Year
Format: Government Document Book
Language:English
Subjects:

MARC

Tag First Indicator Second Indicator Subfields
LEADER 00000cam a2200000 i 4500
001 in00000794839
005 20151017075518.0
008 771120s1977 dcua b f00010 eng d
010 |a gp 78002226  
020 |c $1.25 (pbk. :) 
035 |a (OCoLC)03435704 
035 |9 ADQ7344AM 
037 |b 20402 
040 |a GPO  |c GPO  |d UtOrBLW 
043 |a n-us--- 
074 |a 1089 
086 |a Y 3.W 84:10/12 
110 1 |a United States.  |b National Commission on the Observance of International Women's Year. 
245 1 0 |a Media. 
264 2 |a Washington :  |b National Commission on the Observance of International Women's Year : for sale by the Supt. of Docs., U.S. Govt. Print. Off,  |c 1977. 
300 |a 6 unnumbered pages , pages :  |b illustrations ;  |c 27 cm. 
336 |a text  |b txt  |2 rdacontent 
337 |a unmediated  |b n  |2 rdamedia 
338 |a volume  |b nc  |2 rdacarrier 
500 |a Cover title. 
500 |a "W-12." 
500 |a "Workshop guideline on women and the mass media." 
504 |a Bibliography: pages 21-26. 
650 0 |a Women in the mass media industry. 
650 0 |a Women in mass media. 
999 |a MARS 
999 f f |s 1e1ca22d-0041-35d9-9d3d-c280c68a2b8b  |i 2efd5d27-3e7f-37e9-8edc-64d4d513d79d  |t 0 
952 f f |p normal  |a Texas A&M University  |b College Station  |c Sterling C. Evans Library  |d Evans: US Documents (Annex 5th floor)  |t 0  |e Y 3.W 84:10/12  |h Superintendent of Documents classification  |i unmediated -- volume  |m A14812824831 
998 f f |a Y 3.W 84:10/12  |t 0  |l Evans: US Documents (Annex 5th floor)